000 00966nam a2200289Ia 4500
003 OSt
005 20250113104600.0
008 210716s2001 xx 000 0 und d
020 _a8126501804
040 _cAIMIT LIBRARY
041 _aeng
082 _a005.7401
_21
_bCHES
100 _aChelack, Stephen.
_9193090
245 _aOracle 8i and microsoft sql server 2000 integration /
_cBy Stephen Chelack.
250 _a1st ed.
260 _aNew Delhi :
_bIDG Books India (P) Ltd ,
_c2001.
300 _axi,547 p.;
_bPB
_c24.8 cm.
650 _aLittle bit of history
_9193091
650 _aUnderstanding database architecture
_9193092
650 _aIntegration
_9193093
650 _aInternet and beyond
_9193094
650 _aDatabase development challenges
_9193095
650 _aMigrating database application code
_9193198
650 _aInternet and beyond
_9193199
650 _aWeb tools and solutions
_9193200
942 _2ddc
_cBK
_e1st
_k005.7401 CHES
999 _c184713
_d184713